• 首页
  • 本馆介绍
  • 公告通知
  • 最新文献
  • 馆藏检索
  • 电子资源
  • 读者导购
  • 参考咨询
  • 我的图书馆
  • 登录
  • 详细信息显示
  • 放入我的书架
  • 预约/预借图书
  • 作者相关作品
  • 分类相关作品
  • 丛书相关作品
  • 出版社相关作品

书目信息

  • 表格格式
  • 工作单格式
  • 卡片格式
题名:
创造进化论
    
 
作者: 伯格森 著 ;王珍丽 , 余习广 译
分册:  
出版信息: 长沙   湖南人民出版社  1989.5
页数: 287页
开本: 20cm
丛书名:
单 册:
中图分类: B565.51
科图分类:
主题词: 柏格森,H.(1859~1941)--哲学 , 柏格森,H.(1859~1941)
电子资源:
ISBN: 7-217-00600-7
000 00731nam0 2200241 45
001 0189010071
005 20050530112912.4
010    @a7-217-00600-7@dCNY4.50
100    @a19910105d1989 m y0chiy0120 ea
101 1  @achi@cfre
102    @aCN@b430000
105    @ay z 000yy
200 10 @a创造进化论@Achuang zao jin hua lun@f(法)亨利·伯格森著@F(Fa)Heng Li·Bo Ge Sen Zhu@g王珍丽,余习广译
210    @a长沙@c湖南人民出版社@d1989.5
215    @a287页@d20cm
606 0  @a柏格森,H.(1859~1941)@x哲学
606 0  @a柏格森,H.(1859~1941)
690    @aB565.51@v3
701  0 @a伯格森@4著
702  0 @a王珍丽@Awang zhen li@4译
702  0 @a余习广@Ayu xi guang@4译
801  0 @aCN@bNLC@c19910105
905    @dB565.51@e14@f1@b221184
    
    创造进化论/(法)亨利·伯格森著/王珍丽,余习广译.-长沙:湖南人民出版社,1989.5
    287页;20cm
    
    
    ISBN 7-217-00600-7:CNY4.50
    
●
相关链接 在E读中查询图书 在五车中查询图书 在当当中查询图书 在豆瓣中查询图书


正题名:创造进化论     索取号:B565.51/14         预约/预借

序号 登录号 条形码 馆藏地/架位号 状态 备注
1 0221182   000578538   第一借阅区/ [索取号:B565.51/14] 在馆    
2 0221183   000578618   第一借阅区/ [索取号:B565.51/14] 在馆    
3 0221184   000578574   第一样本阅览室/ [索取号:B565.51/14] 在馆    
唐山师范学院图书馆 欢迎您!
大连网信软件有限公司© 版权所有